Lurdská jaskynka v Bratislave

Bibliographic Details
Other Authors: Petrovický, Ivan, 1933-2009 (Director)
Format: Video DVD
Language:Slovak
Published: Bratislava Lux communication 2008
Subjects:

MARC

LEADER 00000ngm a2200000 a 4500
001 vtls009453297
003 SK-MaSNL
005 20260301211042.0
007 vd cvaizs
008 081209s2008 xo 000 g vlslo
015 |a SNBJ2011/02-01361 
040 |a SNK  |b slo  |c SNK  |e AACR2 
041 0 |a slo 
044 |a xo  |c SK 
072 7 |a 791  |x Film. Cirkus. Ľudová zábava  |2 konspekt 
072 7 |a 27  |x Kresťanstvo. Kresťanská cirkev všeobecne. Ekleziológia  |2 konspekt 
080 |a 791.229  |2 2001 
080 |a 27-522  |2 2001 
080 |a 726.5:27-537-312.47  |2 2001 
080 |a 21/29-79  |2 2001 
080 |a 27-312.47-5  |2 2001 
080 |a 27  |2 2001 
080 |a 2  |2 2001 
080 |a (0.034.44)  |2 2001 
245 0 0 |a Lurdská jaskynka v Bratislave  |h videozáznam  |c [réžia] Ivan Petrovický 
260 |a Bratislava  |b Lux communication  |c 2008 
300 |a 1 videodisk (DVD)  |b zvuk stereo, fareb., PAL [4:3]  |c 12 cm 
500 |a Názov z disku 
600 0 7 |a Mária,  |c matka Ježišova, svätá  |2 SNKMA  |9 157751 
650 0 7 |a dokumentárne filmy  |2 SNKPH  |9 3400 
650 0 7 |a posvätné miesta  |2 SNKPH  |9 83573 
650 0 7 |a mariánske pútnické miesta  |2 SNKPH  |9 74757 
650 0 7 |a svätyne  |2 SNKPH  |9 75112 
650 0 7 |a mariánsky kult  |2 SNKPH  |9 1996 
650 0 7 |a kresťanstvo  |2 SNKPH  |9 2024 
650 0 7 |a náboženstvo  |2 SNKPH  |9 2023 
651 7 |a Bratislava (Slovensko)  |2 SNKPH 
655 7 |a DVD  |2 SNKPH  |9 70751 
700 1 |a Petrovický, Ivan,  |d 1933-2009  |4 drt  |9 125350 
958 |a NT 
999 |c 915568  |d 917498 
952 |a SNK  |b SNK  |y PREZ  |7 0  |p 17A0605852  |o snkSDVD 394  |i snk2008/23246  |8 0  |0 0  |1 0  |4 0  |d 2008-12-09  |l 0  |r 2026-02-24 07:58:04  |w 2026-02-24